000 00630nam a2200277Ia 4500
005 20260324111645.0
008 008 260324s9999 xx 000 0 eng d
020 _a9781003052159
037 _aEBOOK
040 _aCRL
040 _beng
040 _cCRL
041 _2eng
041 _aeng
084 _qCRL
100 _aDavid Lowe
_91139474
245 0 _aStrategic Commercial Management
260 _bTaylor and Francis
260 _c2025
365 _a
365 _b255
856 _uhttp://www.taylorfrancis.com/books/9781003052159
942 _cEBOOK
999 _c1728368
_d1728368